South Eastern Kenya University

Library Online Public Access Catalogue


ECONOMICS OF EDUCATION (Record no. 13816)

MARC details
000 -LEADER
fixed length control field 00284nam a2200109 4500
020 ## - ISBN
International Standard Book Number 9780080965307
050 ## - LIBRARY OF CONGRESS CALL NUMBER
Classification Number LC 66 .E26 2010
Item Number 14465
245 ## - TITLE
Title ECONOMICS OF EDUCATION
250 ## - EDITIONSTATEMENT
Edition statement Brewer Domonic J.
Remainder of edition statement McEwan Patrick J.
260 ## - PUBLICATION, DISTRIBUTION, ETC.(IMPRINT)
Place of publication, distribution, etc Amsterdam
Name of publisher, distributor, etc Elservier
Date of publication, distribution, etc 2010
942 ## - ADDED ENTRY ELEMENTS(KOHA)
Source of classification or shelving scheme Library of Congress Classification
Koha item type General circulation
Holdings
Source of classification or shelving scheme Not for loan Location (home branch) Sublocation (holding branch) Date accessioned Cost, normal purchase price Full call number Barcode Cost, replacement price Koha item type Public note
Library of Congress Classification   SEHSS - Library SEHSS - Library 11/05/2016 8535.00 LC 66 .E26 2010 14465 9535.00 General circulation PM
Kitui, Kenya.
+254736116989
library@seku.ac.ke